000 00849naa a22002777a 4500
001 BR8202507
003 BR-BrBNA
005 20250721143157.0
007 ta
008 250630b bl.|||m| |||| 00| 0 por d
040 _aBR-BrBNA
_bpor
_cBiblioteca Nacional de Agricultura
041 _a(Pt)
072 _aF60
_b0120
090 _aF60 BR8202507
100 1 _aGomes, J.
100 1 _aKarazawa, M.
245 1 _aComo a planta de milho se desenvolve [germinacao, emergencia, crescimento]
500 _aO milho no Parana Londrina, PR (Brasil): 1982. p. 33-49 (BR8202507-AMS)
650 _aCRESCIMENTO
650 _aMILHO
650 _aGERMINACAO
650 _aEMERGENCIA
490 _aCircular - Fundacao Instituto Agronomico do Parana (Brazil)
_vno. 29
_xISSN 0100-3356
942 _cAMS
_2AGRIS
909 _a202506
_bLúcia
_c55
_dLúcia Elande
999 _c334132
_d334132